00670nam a2200217Ia 4500003000900000008004100009040001300050040001300063041000800076100002000084245006800104250001200172260001000184260000900194300001100203300001000214490000600224942000700230999001700237952019800254IT-RoPAU120407s9999 xx 000 0 und d aIT-RoPAU cIT-RoPAU aita aAntonio Rosmini aIl razionalismo che tenta di insinuarsi nelle scuole teologiche aTorino  aBocca c1882 a311 p. c23 cm v1 cBK c32225d32225 00102ddc406195_30000000000000071aPAULUSbPAULUSd2012-04-11l0o195.3r2012-04-11 00:00:00w2012-04-11yBKzInserito da: Mario In data: 02 settembre 2011 fondo: Via A.Severo 56 Progr:14136